000 00540nam a2200181Ia 4500
999 _c20920
_d20920
003 OSt
005 20200622125929.0
008 190216s9999||||xx |||||||||||||| ||und||
020 _a9788125025238
040 _coclc
082 _a954.02
_bSHA/E
100 _aSharma, Ram Sharan
_92492
245 0 _aEarly Medieval Indian Society:
_b A Study In Feudalisation /
_cR S Sharma
260 _bOrient Longman,
_c2003.
_aHyderbad:
300 _a374p
650 _aHistory
942 _cBK
_2ddc
_h954.02
_iSHA/E
_k954.02
_mSHA/E